LEADER 01274nam0-2200373-i-450 001 990009686070403321 005 20250925114807.0 010 $a978-88-6030-086-7 035 $aFED01000968607 035 $a(Aleph)000968607FED01 100 $a20130219d2007----km-y0itay50------ba 101 1 $aita$afre 102 $aIT 105 $aa-------001yy 200 1 $aContro il Vangelo armato$eGiordano Bruno, Ronsard e la religione$fNuccio Ordine 210 $aMilano$cR. Cortina$d2007 215 $aXLVI, 333 p., [12] c. di tav.$cill.$d23 cm 225 1 $aScienza e idee$v158 606 0 $aBruno, Giordano - Pensiero religioso 606 0 $aBruno, Giordano. Spaccio de la bestia trionfante - Influssi di P. de Ronsard 606 0 $aRonsard, Pierre : de. Discours des misères de ce temps 606 $aCastelnau, Michel : de - Pensiero religioso 676 $a195 676 $a211.4 700 1$aOrdine,$bNuccio$f<1958- >$0157568 801 0$aIT$bUNINA$gRICA$2UNIMARC 901 $aBK 912 $a990009686070403321 952 $a191.12 BRUG/S 28$bD.D.S. 13624$fFLFBC 952 $aDAM A91.15 BRUG/S 01$b2024/4846$fFLFBC 952 $aDAM A91.15 BRUG/S 01 BIS$b2024/4847$fFLFBC 959 $aFLFBC 996 $aContro il Vangelo armato$9839302 997 $aUNINA LEADER 01875nam1 22003973i 450 001 CFIE005042 005 20251003044147.0 100 $a20130111d1545 ||||0itac50 ba 101 | $agrc$alat 102 $ach 181 1$6z01$ai $bxxxe 182 1$6z01$an 200 1 $aˆLoukianou ‰Hapanta. Luciani Samosatensis opera, quae Graece extant, omnia, in duos tomos concinnè digesta, quorum elenchos suo quenque loco reperies. Omnia multò quàm antè, tum ex diuersorum codicum collatione, tum doctissimorum hominum recognitione, castigatiora. ... 210 $aBasileae$d1545 215 $a2 v.$d8°. 463 1$1001CFIE005043$12000 $a1$v1 463 1$1001LIGE006886$12001 $aˆ2: Loukianou Samosate?s ‰Meros deuteron. Luciani pars secunda$v2 620 $aCH$dBasilea$3BVEL000292 700 0$aLucianus$3CFIV010826$4070$0159729 790 0$aLuciano$3CFIV010827$zLucianus 790 0$aLuciano : di Samosata$3CFIV032874$zLucianus 790 0$aLucian : of Samosata$3CFIV032875$zLucianus 790 0$aLukianos : Samosat?s$3CFIV350951$zLucianus 790 0$aLucianus : Antiochenus$3CFIV350952$zLucianus 790 0$aPseudo-Lucianus$3CFIV372008$zLucianus 790 0$aLucien$3MILV207438$zLucianus 790 0$aLucianus : Samosatensis$3PUVV193437$zLucianus 801 3$aIT$bIT-000000$c20130111 850 $aIT-BN0095 901 $bNAP 01$cANT $n$ 912 $aCFIE005042 950 1$aBiblioteca Centralizzata di Ateneo$bv. 1$c1 esemplare, v. 1$d 01ANT FONDO RARI 15 967 $m1 977 $a 01 996 $aHapanta. Luciani Samosatensis opera, quae Graece extant, omnia, in duos tomos concinnè digesta, quorum elenchos suo quenque loco reperies. Omnia multò quàm antè, tum ex diuersorum codicum collatione, tum doctissimorum hominum recognitione, castigatiora. ..$93249571 997 $aUNISANNIO